000 01263cam a2200337 a 4500
001 35781
003 BD-RjUL
005 20211209052358.0
008 140609s1946 onc 000 0 eng
035 _a(BD-RjUL)35876
040 _aDLC
_cDLC
_dBD-RjUL
_beng
041 _aeng
082 0 0 _a320
_219
_bGOE V-2 1946
100 1 _aGodwin, William,
_d1756-1836.
_921938
245 1 0 _aEnquiry concerning political justice and its influence on morals and happiness /
_cby William Godwin.
_nVolume II :
_pText
250 _aPhotographic facsimile of the 3rd ed. corr.
260 _aToronto :
_bUniversity of Toronto Press,
_cc1946.
300 _aix, 554 p. ;
_c24 cm.
490 1 _aStudies and texts ;
_vno. 2
505 0 _av. 1-2. Text -- v. 3. Critical introduction and notes.
650 0 _aPolitical science.
_9108988
650 0 _aPolitical ethics.
_9108989
830 0 _vno. 2.
_9108996
700 1 _aPriestley, F. E. L.
_q(Francis Ethelbert Louis),
_d1905-
_9108991
710 2 _aPaul Avrich Collection (Library of Congress)
_5DLC
_911205
830 0 _aStudies and texts (University of Toronto. Department of English) ;
_9108997
942 _2ddc
_cBK
999 _c35781
_d35781